Gdzie kształcą się przyszli lekarze? - Statystyki

Ogólne statystyki
  • Ten quiz został rozwiązany 19 razy
  • Średni wynik to 6 z 22
Statystyki odpowiedzi
Hintinne Odpowiedź % Poprawnych
Uniwersytet Medyczny Warszawski Uniwersytet Medyczny
78%
Collegium Medicum Uniwersytet Jagielloński
67%
Uniwersytet Medyczny Śląski Uniwersytet Medyczny w Katowicach
61%
Uniwersytet Medyczny Pomorski Uniwersytet Medyczny w Szczecinie
56%
Uniwersytet Medyczny Gdański Uniwersytet Medyczny
50%
Uniwersytet Medyczny Uniwersytet Medyczny w Lublinie
44%
Uniwersytet Medyczny Uniwersytet Medyczny im. Karola Marcinkowskiego w Poznaniu
39%
Uniwersytet Medyczny Uniwersytet Medyczny im. Piastów Śląskich we Wrocławiu
39%
Uniwersytet Medyczny Uniwersytet Medyczny w Białymstoku
39%
Uniwersytet Medyczny Uniwersytet Medyczny w Łodzi
39%
Collegium Medicum Uniwersytet Jana Kochanowskiego w Kielcach
28%
inne Uniwersytet Kardynała Stefana Wyszyńskiego w Warszawie
11%
Collegium Medicum Uniwersytet Mikołaja Kopernika w Toruniu (CM w Bydgoszczy)
11%
inne Uniwersytet Opolski
11%
inne Uniwersytet Rzeszowski
11%
Collegium Medicum Uniwersytet Warmińsko-Mazurski
11%
inne Uczelnia Łazarskiego w Warszawie
6%
Collegium Medicum Uniwersytet Zielonogórski
6%
inne Krakowska Akademia im. Andrzeja Frycza Modrzejewskiego
0%
inne Uczelnia Medyczna im. Marii Skłodowskiej-Curie w Warszawie
0%
inne Uniwersytet Techniczno-Handlowy w Radomiu
0%
inne Wyższa Szkoła Techniczna w Katowicach
0%
Nie znaleziono quizów pasujących do podanych kryteriów
Rozkład punktacji
Procent ludzi z każdym wynikiem
Percentyl według liczby udzielonych odpowiedzi
Twoja historia wyników
Nie rozwiązałeś tego quizu